| 000 | 00410nam a22001577a 4500 | ||
|---|---|---|---|
| 020 | _a0471407755 | ||
| 040 | _cNUST | ||
| 082 |
_a910 _bDEB |
||
| 100 |
_aBlij, Harm J. de _9123301 |
||
| 110 |
_aMuller, Peter O. _9123302 |
||
| 245 |
_aGeography: _bRealms, Regions and Concepts |
||
| 250 | _aTenth Edition | ||
| 260 |
_aNew York: _bJohn Wiley & Sons, _c2002. |
||
| 650 |
_aGeography _97902 |
||
| 942 |
_2ddc _cBK |
||
| 999 |
_c609530 _d609530 |
||